[Event "10th Praha Open A"]
[Site "Prague CZE"]
[Date "2011.01.09"]
[Round "3"]
[White "Jirka,J"]
[Black "Yakimenko,Alex"]
[Result "1-0"]
[WhiteElo "2424"]
[BlackElo "2207"]

1.d4 Nf6 2.c4 e6 3.g3 c5 4.d5 exd5 5.cxd5 d6 6.Nc3 g6 7.Bg2 Bg7 8.Nf3 O-O
9.O-O Re8 10.Nd2 a6 11.a4 Nbd7 12.h3 Rb8 13.Nc4 Ne5 14.Na3 Qc7 15.f4 Ned7
16.e4 c4 17.Be3 Nc5 18.e5 Nd3 19.Ba7 Ra8 20.exf6 Bxf6 21.Bf2 Nxb2 22.Qc2 Nd3
23.Ne4 Rxe4 24.Bxe4 Nxf2 25.Qxf2 Bxh3 26.Bg2 Bxg2 27.Kxg2 Bxa1 28.Rxa1 Qa5
29.Qd4 Rc8 30.Nc2 Qc5 31.Qe4 c3 32.Rb1 b5 33.axb5 axb5 34.Qd3 Rb8 35.Rb4 Kg7
36.Kf3 Kg8 37.Qd4 Rb7 38.Rb3 Rc7 39.Qxc5 Rxc5 40.Ke4 f5+ 41.Kd4 Rc4+ 42.Kd3 Rc5
43.Ne3 c2 44.Nxc2 Rxd5+ 45.Nd4 Kf7 46.Rxb5 Rxb5 47.Nxb5 Ke6 48.Kc4 g5 49.Nd4+ Kf6
50.Kd5 h5 51.Nf3 gxf4 52.gxf4 Ke7 53.Nh4  1-0

[Event "TCh-SVK Extraliga 2010-11"]
[Site "Prievidza CZE"]
[Date "2011.01.15"]
[Round "3.1"]
[White "Michalik,P"]
[Black "Markos,J"]
[Result "1/2-1/2"]
[WhiteElo "2471"]
[BlackElo "2546"]

1.d4 Nf6 2.c4 e6 3.g3 c5 4.d5 exd5 5.cxd5 b5 6.Nf3 d6 7.e4 a6 8.a4 Nxe4 9.Qe2 Qe7
10.axb5 Bb7 11.bxa6 Rxa6 12.Rxa6 Bxa6 13.Qe3 Nf6 14.Nc3 Ng4 15.Qxe7+ Bxe7
16.Bf4 Bxf1 17.Kxf1 Na6 18.Kg2 Kd7 19.Ra1 Nc7 20.Ra7 Ra8 21.Rb7 Nf6 22.Bg5 Kc8
23.Bxf6 Bxf6 24.Rb6 Ra6 25.Rxa6 Nxa6 26.Nd2 Nb4 27.Nc4 Kd7 28.Ne4 Nxd5 29.Nexd6 Nb6
30.Kf3 Bd4 31.b3 Kc6 32.Na3 Kd5  1/2-1/2

[Event "3rd Chennai Open"]
[Site "Chennai IND"]
[Date "2011.01.24"]
[Round "9"]
[White "Arun Prasad,S"]
[Black "Ramakrishna,J"]
[Result "1-0"]
[WhiteElo "2513"]
[BlackElo "2268"]

1.d4 Nf6 2.c4 e6 3.g3 c5 4.d5 b5 5.dxe6 fxe6 6.Bg2 d5 7.cxd5 Bb7 8.e4 exd5
9.e5 Qe7 10.Qe2 Nfd7 11.Nc3 Qxe5 12.Nxd5 Kf7 13.Nf3 Qxe2+ 14.Kxe2 Nc6 15.Rd1 Nde5
16.Ng5+ Kg8 17.f4 Nf7 18.Be3 Re8 19.Kf2 Nxg5 20.fxg5 Ne5 21.h3 Kf7 22.Kg1 Nf3+
23.Bxf3 Rxe3  1-0

[Event "TCh-HUN 2010-11"]
[Site "Budapest HUN"]
[Date "2011.01.30"]
[Round "5"]
[White "Turzo,A"]
[Black "Csiszar,C"]
[Result "1-0"]
[WhiteElo "2331"]
[BlackElo "2387"]

1.d4 Nf6 2.c4 e6 3.g3 c5 4.d5 exd5 5.cxd5 d6 6.Nc3 g6 7.Nf3 Bg7 8.Bg2 O-O
9.O-O Re8 10.Nd2 a6 11.a4 Nbd7 12.h3 Rb8 13.a5 b5 14.axb6 Nxb6 15.e4 Nfd7
16.f4 Qc7 17.Kh2 h6 18.Qc2 c4 19.Nf3 Nc5 20.Be3 Nxe4 21.Nxe4 Bf5 22.Rae1 Nxd5
23.Bd4 Rxe4 24.Rxe4 Bxd4 25.Nxd4 Ne3 26.Rxe3 Bxc2 27.Nxc2 Rxb2 28.Rf2 Qc5
29.f5 Qxe3 30.Nxe3 Rxf2 31.Kg1 Rxf5 32.Nxf5 gxf5 33.Kf2 Kg7 34.Ke3 Kf6 35.Bf1 Ke5
36.Bxc4 a5 37.Bb3 f6 38.Bc2 d5 39.Bb3 d4+ 40.Kf3 Kd6 41.Kf4 Kc5 42.Kxf5 Kb4
43.Bd1 Kc3 44.Kxf6 d3 45.Ke5 Kd2 46.Kd4 Kxd1 47.Kxd3 Kc1 48.Kc3 Kb1 49.g4 Ka2
50.Kc2 a4 51.h4 a3 52.h5 Ka1 53.g5 a2 54.Kc1  1-0

[Event "16th HIT Open"]
[Site "Nova Gorica SLO"]
[Date "2011.02.02"]
[Round "8"]
[White "Doric,D"]
[Black "Kolar,Sr"]
[Result "1-0"]
[WhiteElo "2464"]
[BlackElo "2157"]

1.d4 Nf6 2.c4 e6 3.g3 c5 4.d5 exd5 5.cxd5 d6 6.Nc3 g6 7.Bg2 Bg7 8.Nf3 O-O
9.O-O Re8 10.Nd2 b6 11.a4 Ba6 12.Nb5 Bxb5 13.axb5 a5 14.Nc4 Bf8 15.Re1 Nbd7
16.h3 Ne5 17.Nxe5 Rxe5 18.e4 Re8 19.b3 Bg7 20.Ra2 Ra7 21.Bg5 h6 22.Bf4 g5
23.Bc1 Rae7 24.Rae2 Nd7 25.Kh2 Bc3 26.Rf1 Bd4 27.f4 f6 28.Bf3 Kg7 29.Qd3 Kh8
30.Bg4 Rg7 31.Qf3 Ree7 32.Bf5 Qe8 33.Bb2 Bxb2 34.Rxb2 Nf8 35.Rbf2 Rg8 36.Re1 Qf7
37.Rfe2 Rg7 38.Re3 Qe8 39.e5 gxf4 40.Qxf4 Rxe5 41.Qxh6+ Kg8 42.Rxe5 dxe5
43.Qxf6 Qxb5 44.Be6+ Nxe6 45.dxe6 Qxb3 46.Qxe5 Qf3 47.Re2 Re7 48.Rd2 Kh7
49.Qg5 Rg7 50.Qh4+ Kg6 51.e7 Kf7 52.e8=Q+ Kxe8 53.Qh8+ Kf7 54.Rd7+ Ke6 55.Qe8+ Kf5
56.Qf8+  1-0

[Event "33rd Bulgarian Open"]
[Site "Plovdiv BUL"]
[Date "2011.02.04"]
[Round "7.16"]
[White "Enchev,I"]
[Black "Videnova,I"]
[Result "1/2-1/2"]
[WhiteElo "2432"]
[BlackElo "2284"]

1.d4 Nf6 2.c4 e6 3.g3 c5 4.d5 exd5 5.cxd5 b5 6.Bg2 d6 7.a4 b4 8.Nd2 Ba6 9.Qc2 Nbd7
10.Nh3 g6 11.b3 Bg7 12.Bb2 O-O 13.Nc4 Nb6 14.Nxb6 Qxb6 15.O-O Rac8 16.Rfd1 c4
17.Bd4 Qb7 18.bxc4 Bxc4 19.Qb2 Nh5 20.g4 Bxd4 21.Rxd4 Ng7 22.Rc1 Qa6 23.Qxb4 Bxe2
24.Rc6 Rb8 25.Qe1 Rb6 26.a5 Rxc6 27.dxc6 Re8 28.Qd2 Qb5 29.Qb4 Bd3 30.Bd5 Ne6
31.Qxb5 Bxb5 32.Re4 Kf8 33.Nf4 Nc7 34.Rxe8+ Kxe8 35.Be4 Bc4 36.h4 d5 37.Bc2 h6
38.h5 g5 39.Ng2 d4 40.Be4 Ke7 41.Ne1 Be6 42.Nf3 Bxg4 43.Nxd4 Kd6 44.f3 Ke5
45.fxg4 Kxd4 46.Bg6 f6 47.Kf2 Kd5 48.Ke3 Kxc6 49.Ke4 Kd6 50.Bf7 Ke7 51.Ba2 Ne6
52.Kf5 Nf8 53.Bb3 Nd7 54.Kg6 Ne5+ 55.Kxh6 Nxg4+ 56.Kg6 Ne5+ 57.Kg7 Nd7 58.h6 Nf8
59.h7 Nxh7 60.Kxh7 g4 61.Kg6 Kd6 62.Bd1 g3 63.Bf3 Kc5  1/2-1/2

[Event "33rd Bulgarian Open"]
[Site "Plovdiv BUL"]
[Date "2011.02.05"]
[Round "8.8"]
[White "Lilov,V2"]
[Black "Berescu,A"]
[Result "1/2-1/2"]
[WhiteElo "2402"]
[BlackElo "2476"]

1.d4 Nf6 2.c4 e6 3.g3 c5 4.Nf3 cxd4 5.Nxd4 Qc7 6.e3 a6 7.b3 b5 8.Bg2 Bb7
9.Bxb7 Qxb7 10.O-O bxc4 11.bxc4 Nc6 12.Qb3 Na5 13.Qd3 Be7 14.Nd2 O-O 15.Ba3 Bxa3
16.Qxa3 Qc7 17.c5 Nc6 18.Nc4 Nxd4 19.exd4 Qc6 20.Rab1 Ra7 21.Rfd1 h5 22.h4 Qd5
23.Qd3 Ng4 24.Rb6 Nf6 25.a4 Qe4 26.Qxe4 Nxe4 27.Rd3 Rc8 28.Rdb3 Kf8 29.Kg2 Ke7
30.f3 Nf6 31.Nd6 Rd8 32.Rb8 Ra8 33.R8b7 Nd5 34.a5 Kf6 35.Nc4 Rac8 36.Ra7 Ra8
37.Rxa8 Rxa8 38.Rb7 Rd8 39.Kf2 Ne7 40.f4 Nf5 41.Ne5 Nxd4 42.Nxd7+ Kf5 43.Ne5 f6
44.Nf7 Rd5 45.Nd6+ Kg6 46.Rc7 Nb3 47.Nb7 e5 48.fxe5 Rxe5 49.Rc6 Kf5 50.Rxa6  1/2-1/2

[Event "33rd Bulgarian Open"]
[Site "Plovdiv BUL"]
[Date "2011.02.06"]
[Round "9.6"]
[White "Cioara,A"]
[Black "Nikolov,Mo"]
[Result "1/2-1/2"]
[WhiteElo "2427"]
[BlackElo "2577"]

1.d4 Nf6 2.c4 e6 3.g3 c5 4.d5 exd5 5.cxd5 d6 6.Nc3 g6 7.Bg2 Bg7 8.Nf3 O-O
9.O-O Re8 10.h3 a6 11.a4 Nbd7 12.Bf4 Qc7 13.Rc1 Nh5 14.Bd2 Qb8 15.Rb1 c4
16.a5 b5 17.axb6 Qxb6 18.g4 Nhf6 19.Bf4 h5 20.Nd2 hxg4 21.Nxc4 Qb4 22.Qa4 Qxa4
23.Nxa4 gxh3 24.Bf3 Ne5 25.Nxd6 Nxf3+ 26.exf3 Nxd5 27.Nxe8 Nxf4 28.Nxg7 Kxg7
29.Nb6 Rb8 30.Nxc8 Rxc8 31.Kh2  1/2-1/2

[Event "16th Lienz-Open 2011"]
[Site "Lienz AUT"]
[Date "2011.02.15"]
[Round "5"]
[White "Hartl,D"]
[Black "Schmittdiel,E"]
[Result "1-0"]
[WhiteElo "2242"]
[BlackElo "2492"]

1.d4 e6 2.c4 Nf6 3.g3 c5 4.d5 exd5 5.cxd5 g6 6.Nc3 d6 7.Bg2 Bg7 8.Nf3 O-O
9.O-O Re8 10.Nd2 a6 11.a4 Nbd7 12.h3 Rb8 13.Nc4 Ne5 14.Na3 Qc7 15.Re1 h5
16.f4 Ned7 17.e4 Nh7 18.Be3 Ndf8 19.Qd3 Bd7 20.Rac1 f5 21.e5 dxe5 22.d6 Qd8
23.Bxc5 e4 24.Qe3 b5 25.Nd5 Ne6 26.Ne7+ Kf7 27.Bxe4 fxe4 28.Qxe4 Nef8 29.Qd5+ Be6
30.Rxe6 Nxe6 31.f5 Rxe7 32.fxg6+ Kg8 33.Qxh5 Nhg5 34.dxe7 Qc7 35.Kh2 bxa4
36.Rc2 Be5 37.Bd4 Qd6 38.Bxe5 Qxe5 39.h4 Ng7 40.Qxg5 Qxg5 41.hxg5 Nf5 42.Re2 Re8
43.Re5 Nxe7 44.Re4 Kf8 45.Rxa4 Rb8 46.Nc4 Rc8 47.Ne3 Rb8 48.Rxa6 Rxb2+ 49.Kh3 Re2
50.Rf6+ Kg8 51.Ng4 Kg7 52.Nh6 Nxg6 53.Nf5+ Kh7 54.Rf7+ Kh8 55.Nh4 Kg8 56.Ra7 Re6
57.Kg4 Rb6 58.Kh5 Ne5 59.Re7 Rb5 60.g4 Nd3 61.Re4 Ne5 62.Nf5 Kh7 63.Ra4 Rb6
64.Ra7+ Kh8 65.Rg7 Rb1 66.g6 Rh1+ 67.Kg5 Nxg4 68.Ra7 Nh6 69.Rh7+ Kg8 70.Nxh6+  1-0

[Event "ch-ROU Men"]
[Site "Sarata Monteoru ROU"]
[Date "2011.02.17"]
[Round "8.3"]
[White "Cioara,A"]
[Black "Parligras,M"]
[Result "0-1"]
[WhiteElo "2427"]
[BlackElo "2594"]

1.d4 Nf6 2.c4 e6 3.g3 c5 4.Nf3 cxd4 5.Nxd4 Qc7 6.b3 Bb4+ 7.Bd2 Bc5 8.e3 Nc6
9.Nb5 Qb8 10.Bg2 a6 11.N5c3 b5 12.cxb5 axb5 13.a3 Be7 14.O-O O-O 15.Bc1 b4
16.Na4 Ba6 17.Re1 d5 18.Bb2 Ne5 19.Bf1 bxa3 20.Bxa3 Bxa3 21.Rxa3 Rc8 22.Kg2 Qb4
23.Be2 Bxe2 24.Qxe2 Qe4+ 25.f3 Nxf3  0-1

[Event "16th Lienz-Open 2011"]
[Site "Lienz AUT"]
[Date "2011.02.19"]
[Round "9"]
[White "Heinig,Wo"]
[Black "Krejci,Jan1"]
[Result "1-0"]
[WhiteElo "2323"]
[BlackElo "2178"]

1.d4 Nf6 2.c4 e6 3.g3 c5 4.Nf3 cxd4 5.Nxd4 Qc7 6.Nc3 a6 7.Qa4 Bc5 8.Nb3 Be7
9.Bg2 O-O 10.Bf4 d6 11.c5 e5 12.cxd6 Qxd6 13.Rd1 Qc7 14.Bg5 Bd7 15.Qh4 Qc8
16.Ne4 Bc6 17.Bxf6 Bxf6 18.Nxf6+ gxf6 19.Bh3 Qc7 20.Bf5 Re8 21.O-O Kg7 22.Qxh7+ Kf8
23.Qh4 Kg7 24.Qg4+ Kf8 25.Rd2 a5 26.Rfd1 b6 27.Rd6 a4 28.Nc1 a3 29.b3 Ke7
30.Qb4  1-0

[Event "27th Open"]
[Site "Cappelle la Grande FRA"]
[Date "2011.03.02"]
[Round "6.62"]
[White "Thirion,M"]
[Black "Debray,C"]
[Result "1/2-1/2"]
[WhiteElo "2130"]
[BlackElo "2381"]

1.d4 Nf6 2.c4 e6 3.g3 c5 4.d5 exd5 5.cxd5 b5 6.Bg2 Bb7 7.e4 d6 8.a4 b4 9.Nd2 g6
10.b3 Bg7 11.Bb2 O-O 12.Qc2 Re8 13.O-O-O Nfd7 14.Ngf3 Ba6 15.Bf1 Bxf1 16.Rhxf1 a5
17.Rfe1 Nb6 18.Nc4 Nxc4 19.Qxc4 Nd7 20.Bxg7 Kxg7 21.Nd2 Qf6 22.f4 Nb6 23.Qc2 Qa1+
24.Qb1 Qc3+ 25.Qc2 c4 26.Qxc3+ bxc3 27.Nxc4 Nxc4 28.bxc4 Rec8 29.Rd4 Rab8
30.Re3 Rb4 31.Rxc3 Kf6 32.Kc2 Rxa4 33.Kd3 Rb4 34.h4 h5 35.e5+ dxe5 36.fxe5+ Kxe5
37.d6 Rd8 38.Ra3 Rxd6 39.Rxa5+ Ke6 40.Rxd6+ Kxd6 41.Kc3 Rb1 42.Rd5+ Ke6 43.Rg5 Re1
44.Kd4 Kd6 45.Rd5+  1/2-1/2

[Event "43rd WGM"]
[Site "Belgrade SRB"]
[Date "2011.03.12"]
[Round "7.2"]
[White "Dragomirescu,An"]
[Black "Maksimovic,S"]
[Result "1/2-1/2"]
[WhiteElo "2169"]
[BlackElo "2203"]

1.d4 Nf6 2.c4 e6 3.g3 c5 4.d5 exd5 5.cxd5 b5 6.Bg2 d6 7.Nh3 g6 8.O-O Bg7
9.e4 O-O 10.Re1 Re8 11.Nd2 Nbd7 12.a4 b4 13.f4 Ba6 14.Nf2 c4 15.Nf3 Nc5 16.e5 dxe5
17.Nxe5 Qd6 18.Be3 Nfd7 19.Nxd7 Nxd7 20.Ne4 Rxe4 21.Bxe4 Bxb2 22.Rb1 Bc3
23.Re2 Re8 24.Bf2 Nc5 25.Bf3  1/2-1/2

[Event "ch-PriFO A"]
[Site "Tolyatti RUS"]
[Date "2011.03.13"]
[Round "4.12"]
[White "Ponfilenok,V"]
[Black "Zuykov,A1"]
[Result "1-0"]
[WhiteElo "2428"]
[BlackElo "2270"]

1.d4 Nf6 2.c4 e6 3.g3 c5 4.d5 exd5 5.cxd5 d6 6.Nc3 g6 7.Nf3 Bg7 8.Bg2 O-O
9.O-O a6 10.a4 Re8 11.Nd2 Nbd7 12.h3 b6 13.Nc4 Ne5 14.Na3 b5 15.axb5 axb5
16.Ncxb5 Ba6 17.Nc3 Qb6 18.Kh2 h5 19.Qc2 Rab8 20.Ra2 Nc4 21.Nxc4 Bxc4 22.Ra3 Nd7
23.Qa4 Bxc3 24.bxc3 Bb5 25.Qa7 Rxe2 26.c4 Qxa7 27.Rxa7 Bxc4 28.Rxd7 Rc2 29.Re1 Rxf2
30.Kg1 Rc2 31.Bg5 Rc3 32.Rxd6 Rxg3 33.Bf4 Rd3 34.Bf1 Rf3 35.Rxg6+ fxg6 36.Bxb8 Bxd5
37.Re5 Bf7 38.Rxc5 Be6 39.h4 Rb3 40.Bf4 Rb1 41.Kf2 Rb2+ 42.Kg1 Rb1 43.Rc1 Rb4
44.Bg5 Bd5 45.Rc5 Be6 46.Rc6 Kf7 47.Rc7+ Kg8 48.Bd3 Bf7 49.Kf2 Rb2+ 50.Ke3 Rb3
51.Kd4 Rb4+ 52.Ke5 Rb8 53.Be4 Rb5+ 54.Kf6 Rb6+ 55.Rc6  1-0

[Event "e2e4 Uxbridge Open"]
[Site "Denham ENG"]
[Date "2011.03.20"]
[Round "5"]
[White "Holland,J"]
[Black "Clarke,B"]
[Result "0-1"]
[WhiteElo "2110"]
[BlackElo "2110"]

1.d4 e6 2.c4 Nf6 3.g3 c5 4.Nf3 b6 5.d5 exd5 6.cxd5 d6 7.Bg2 g6 8.e4 Ba6 9.e5 Qe7
10.Bg5 Bg7 11.Qa4+ Qd7 12.Qb3 Ne4 13.Bf4 O-O 14.Nc3 Nxc3 15.Qxc3 Qa4 16.Qb3 Qe4+
17.Qe3 Qxe3+ 18.fxe3 Nd7 19.e6 Bxb2 20.Rb1 Bc3+ 21.Kd1 fxe6 22.dxe6 Nf6 23.Kc2 Bb4
24.e7 Rfe8 25.Ng5 Rac8 26.Bxd6 Bd3+ 27.Kxd3 c4+ 28.Kc2 Bxd6 29.Rhf1 Bxe7
30.Rbd1 Rc5 31.Ne4 Ng4 32.Nxc5 Nxe3+ 33.Kc3 Nxg2 34.Rd7 Bxc5 35.Rff7 Bf8
36.Kxc4 Ne3+ 37.Kb3 a5 38.Rxh7 Nf5 39.Rhf7 Be7 40.Rdxe7 Nxe7 41.Rf6 Rb8 42.Kc4 Kg7
43.Re6 Kf7 44.Rd6 Rc8+ 45.Kb5 Rc2 46.a4 Rb2+ 47.Ka6 Rb4 48.Rxb6 Rxa4 49.Rb5 Ra2
50.h4 Kf6 51.h5 g5 52.g4 Ra4 53.Rb6+ Kf7 54.Rh6 Rxg4 55.Kxa5 Rf4 56.Rh7+ Kf8
57.Kb6 Rf6+ 58.Kc5 g4 59.h6 Rg6 60.Kd4 Rxh6 61.Rxh6 Nf5+ 62.Ke4 Nxh6 63.Kf4 Kg7
64.Kg3 Kg6 65.Kh4 Kf5 66.Kg3 Kg5 67.Kg2 Kf4 68.Kf2 Nf5 69.Kg1 Kg3 70.Kh1 Kf2
71.Kh2 g3+  0-1

[Event "Zonal 2.3 Caribbean 2011"]
[Site "Santiago de los Caballeros DOM"]
[Date "2011.03.21"]
[Round "5"]
[White "Dominguez Perez,L"]
[Black "Barrientos,S"]
[Result "1-0"]
[WhiteElo "2716"]
[BlackElo "2499"]

1.d4 Nf6 2.c4 e6 3.g3 c5 4.Nf3 cxd4 5.Nxd4 Qc7 6.Nc3 a6 7.Bg2 Qxc4 8.O-O Nc6
9.Nb3 d5 10.Bf4 Be7 11.a3 a5 12.Rc1 Qa6 13.a4 O-O 14.Nb5 Qb6 15.Bc7 Qa6 16.Nc5 Bxc5
17.Rxc5 Ne8 18.Bf4 Qb6 19.Qc1 Bd7 20.e4 Nb4 21.Rd1 Bc6 22.Be3 Qd8 23.exd5 exd5
24.Bd4 Nf6 25.Qf4 Nd7 26.Rc3 f6 27.b3 Ne5 28.Bc5 Rf7 29.Bxb4 axb4 30.Qxb4 Rd7
31.Nd4 Ra6 32.Ne6 Qe7 33.Qxe7 Rxe7 34.Nc5 d4 35.Rxd4 Bxg2 36.Kxg2 Rc6 37.Ne4 Kf7
38.Re3 Kg6 39.Nd2 Kf7 40.Rb4 Rd7 41.Nf3 Nxf3 42.Rxf3 b6 43.Rb5 Rd2 44.Rf4 Ke6
45.h4 g6 46.g4 Kd7 47.Rbb4 Rcd6 48.Rb5 Rc2 49.Kg3 Kc6 50.Rfb4 Kc7 51.a5 bxa5
52.Rxa5 Rd3+ 53.f3 Kd6 54.Rb6+ Rc6 55.Rxc6+ Kxc6 56.Ra6+ Kd5 57.Rxf6 Rxb3
58.Kf4 Rb1 59.Kg5 Rh1 60.Rf7 h5 61.Rf6  1-0

[Event "5th Agzamov Mem"]
[Site "Tashkent UZB"]
[Date "2011.03.21"]
[Round "4"]
[White "Miroshnichenko,E"]
[Black "Ismagambetov,An"]
[Result "1/2-1/2"]
[WhiteElo "2670"]
[BlackElo "2496"]

1.d4 Nf6 2.c4 e6 3.g3 c5 4.Nf3 cxd4 5.Nxd4 Bb4+ 6.Nc3 O-O 7.Bg2 d5 8.cxd5 Nxd5
9.Qb3 Nc6 10.Nxc6 bxc6 11.O-O Qa5 12.Ne4 Ba6 13.Qc2 Rab8 14.a3 Be7 15.Bf3 c5
16.Bg5 Bxg5 17.Nxg5 Nf6 18.Ne4 Nxe4 19.Bxe4 g6 20.b4 cxb4 21.axb4 Qb6 22.Rfb1 Rfd8
23.Qa2 Bb7 24.Bxb7 Rxb7 25.Qa5 Rdb8 26.Qxb6 Rxb6 27.Rxa7 Rxb4 28.Rf1 R8b7
29.Ra8+ Rb8 30.Rxb8+ Rxb8  1/2-1/2

[Event "Zonal 2.3 Caribbean 2011"]
[Site "Santiago de los Caballeros DOM"]
[Date "2011.03.24"]
[Round "9"]
[White "Pitterson,J"]
[Black "Mateo,Ra"]
[Result "1/2-1/2"]
[WhiteElo "2263"]
[BlackElo "2446"]

1.d4 Nf6 2.c4 e6 3.g3 c5 4.d5 exd5 5.cxd5 d6 6.Nc3 Be7 7.Bg2 O-O 8.Nf3 Qa5
9.O-O b5 10.Re1 Rd8 11.h3 Nbd7 12.e4 Ne5 13.Nxe5 dxe5 14.Be3 Ba6 15.a3 Bb7
16.Qb1 a6 17.Rc1 Rac8 18.b3 Ne8 19.h4 Qb6 20.Bh3 Rc7 21.b4 Qg6 22.Bf5 Qh5
23.bxc5 Bxc5 24.Bxc5 Rxc5 25.Qb4 Rc4 26.Qe7 Rb8 27.Qxe5 Nc7 28.Nxb5 Re8 29.Qd6 Nxb5
30.Qd7 Rxc1+ 31.Rxc1 Rf8 32.Qxb7 g6 33.Bh3 Nd4 34.Rf1 Nf3+ 35.Kg2  1/2-1/2

[Event "ch-VIE Women Places"]
[Site "Da Lat VIE"]
[Date "2011.03.29"]
[Round "11.2"]
[White "Nguyen,Thi Thao Linh"]
[Black "Hoang Le My Anh"]
[Result "1/2-1/2"]
[WhiteElo "1974"]
[BlackElo "2014"]

1.d4 Nf6 2.c4 e6 3.g3 c5 4.e3 d5 5.dxc5 Bxc5 6.Bg2 O-O 7.Nf3 b6 8.O-O Bb7
9.Nc3 Qe7 10.cxd5 Nxd5 11.Nxd5 Bxd5 12.Qe2 Qb7 13.b3 Nd7 14.Rd1 Nf6 15.Bb2 Be7
16.Rac1 Rac8 17.Ne1 Bxg2 18.Nxg2 Rxc1 19.Rxc1 Rc8 20.Nf4 h6 21.Rxc8+ Qxc8
22.Qd3 Qd8 23.Qxd8+ Bxd8 24.b4 b5 25.Kf1 Nd5 26.Nxd5 exd5 27.Ke2 Bb6 28.Kd3 f6
29.f4 f5 30.Bd4 Kf7 31.Kc3 g6 32.a4 bxa4 33.Kb2 Ke6 34.Ka3 Kd6 35.Kxa4 Kc6
36.h3 Bxd4 37.exd4 Kb6 38.b5 Kc7 39.Ka5 Kb7 40.g4 fxg4 41.hxg4 h5 42.f5 gxf5
43.gxh5 f4 44.h6 f3 45.h7 f2 46.h8=Q f1=Q 47.Qg7+ Kc8 48.Qg8+ Kc7 49.Qxd5 Qe1+
50.Ka4 Qd1+ 51.Kb4 Qe1+ 52.Kb3 Qe3+ 53.Ka4 Qd2 54.Qc4+ Kd8 55.d5 Qd1+ 56.Kb4 Qe1+
57.Kc5 Qf2+ 58.Qd4 Qc2+ 59.Qc4 Qf2+ 60.Kb4 Qe1+ 61.Qc3 Qb1+ 62.Qb3 Qe1+  1/2-1/2

[Event "Karposh Open"]
[Site "Skopje MKD"]
[Date "2011.04.07"]
[Round "7"]
[White "Djordjevski,J"]
[Black "Tairi,K"]
[Result "1-0"]
[WhiteElo "2033"]
[BlackElo "1690"]

1.d4 Nf6 2.c4 e6 3.g3 c5 4.d5 d6 5.Bg2 Be7 6.Nc3 O-O 7.Nf3 Nbd7 8.O-O Nb6
9.Nd2 exd5 10.cxd5 Bd7 11.h3 Qc8 12.Kh2 h5 13.e4 g6 14.a4 a5 15.Qb3 Qc7 16.Rd1 h4
17.g4 Kg7 18.f4 c4 19.Qc2 Bxg4 20.hxg4 Nxg4+ 21.Kh1 Ne3 22.Qb1 Nxd1 23.Nxd1 h3
24.Bf1 Rh8 25.Nf3 Qd7 26.Nf2 Nxa4 27.Bxc4 b5 28.Bf1 Rac8 29.Be3 Bf6 30.e5 dxe5
31.fxe5 Bh4 32.Qe4 Bxf2 33.Bxf2 Nc5 34.Bxc5 Rxc5 35.d6 b4 36.Bc4 Rhc8 37.Bb3 Rc1+
38.Rxc1 Rxc1+ 39.Kh2 Qb5 40.Qf4 Rh1+ 41.Kg3 Qb7 42.Qf6+ Kg8 43.Qxg6+ Kf8
44.Qh6+ Kg8 45.e6 Rg1+ 46.Kh2 Rh1+ 47.Kg3 Rg1+ 48.Kf4 Rg7 49.Ne5  1-0

[Event "Doeberl Cup Premier"]
[Site "Canberra AUS"]
[Date "2011.04.21"]
[Round "6.11"]
[White "Sandler,L"]
[Black "Chen,Pengyu"]
[Result "1/2-1/2"]
[WhiteElo "2303"]
[BlackElo "1991"]

1.d4 Nf6 2.c4 e6 3.g3 c5 4.d5 exd5 5.cxd5 d6 6.Nc3 g6 7.Bg2 Bg7 8.Nf3 O-O
9.O-O Nbd7 10.h3 a6 11.a4 Re8 12.Nd2 Nh5 13.Nce4 Ndf6 14.Nxf6+ Nxf6 15.a5 Bd7
16.Nc4 Bb5 17.Qc2 Bxc4 18.Qxc4 b5 19.axb6 Qxb6 20.e4 Qb5 21.Qc2 Nd7 22.Rd1 Reb8
23.Bf1 Qb3 24.Qe2 a5 25.Rd3 Qb4 26.Bd2 Qxb2 27.Rxa5 Rxa5 28.Bxa5 Qxe2  1/2-1/2

[Event "ch-UKR semi-final"]
[Site "Alushta UKR"]
[Date "2011.05.03"]
[Round "1.52"]
[White "Burlai,O"]
[Black "Baranovsky,Sergey"]
[Result "1-0"]
[WhiteElo "2347"]
[BlackElo "1980"]

1.d4 Nf6 2.c4 e6 3.g3 c5 4.Nf3 d5 5.Bg2 Nc6 6.O-O Bd6 7.cxd5 exd5 8.dxc5 Bxc5
9.a3 a6 10.b4 Ba7 11.Bb2 O-O 12.Nc3 Be6 13.Rc1 Qd7 14.Ng5 h6 15.Nxe6 fxe6
16.Na4 Qf7 17.Nc5 Bxc5 18.Rxc5 Rad8 19.e3 Kh8 20.Qe2 Nd7 21.Rc2 Nb6 22.b5 axb5
23.Qxb5 Nc4 24.e4 Na7 25.Qb3 Na5 26.Qe3 N7c6 27.exd5 exd5 28.Qxh6+ Kg8 29.Qh4 Nc4
30.Rxc4 dxc4 31.Be4 Rfe8 32.Qh7+ Kf8 33.Bg6 Qg8 34.Qh5 Qd5 35.Bxe8 Qxh5 36.Bxh5 Rd2
37.Rb1 Ne7 38.Bc3 Rc2 39.Bb4 g6 40.Bxg6 Re2 41.Kf1 Re6 42.Re1 Rxg6 43.Rxe7 Kg8
44.Rxb7 Rc6 45.Rb5  1-0

[Event "2nd SP Masters Blitz"]
[Site "Sao Paulo BRA"]
[Date "2011.05.10"]
[Round "3.2"]
[White "Matsuura,E"]
[Black "Abdalla,L"]
[Result "1-0"]
[WhiteElo "2480"]
[BlackElo "2289"]

1.d4 e6 2.c4 Nf6 3.g3 c5 4.Nf3 b6 5.Bg2 Bb7 6.O-O cxd4 7.Qxd4 Be7 8.Nc3 O-O
9.Rd1 d6 10.Qd3 Nbd7 11.Bg5 Rc8 12.Rac1 a6 13.b3 Re8 14.Bxf6 Nxf6 15.Nd4 Bxg2
16.Kxg2 Qc7 17.Qf3 Nd7 18.Kg1 Ne5 19.Qe4 Qc5 20.Na4 Qc7 21.Nf3 Nd7 22.Qe3 Nc5
23.Nxc5 bxc5 24.Rc2 Rb8 25.Rcd2 Rb6 26.Rd3 a5 27.Nd2 a4 28.Ne4 axb3 29.axb3 Qb8
30.Qf4 Rd8 31.Ng5 Bf6 32.Ne4 Be5 33.Qf3 h6 34.Nxc5 Rc8 35.Ne4 Rxb3 36.Rxb3  1-0

[Event "Sean Reader Memorial"]
[Site "Los Angeles USA"]
[Date "2011.05.12"]
[Round "3"]
[White "Casella,M"]
[Black "Pruess,D"]
[Result "0-1"]
[WhiteElo "2259"]
[BlackElo "2358"]

1.d4 Nf6 2.c4 e6 3.g3 c5 4.d5 exd5 5.cxd5 d6 6.Nc3 g6 7.Bg2 Bg7 8.Nf3 O-O
9.O-O a6 10.a4 Nbd7 11.h3 b6 12.Nd2 Ne8 13.Nc4 Ne5 14.Na3 f5 15.f4 Nf7 16.Nc4 Bd7
17.Kh2 b5 18.axb5 axb5 19.Rxa8 Qxa8 20.Nb6 Qa7 21.Nxd7 Qxd7 22.e4 Nc7 23.Re1 Re8
24.exf5 Rxe1 25.Qxe1 gxf5 26.b3 Nh8 27.g4 fxg4 28.Ne4 gxh3 29.Bxh3 Qe8 30.Bd2 Nf7
31.Bc3 Bxc3 32.Qg3+ Kf8 33.Nxc3 b4 34.Na4 Nxd5 35.Qf3 Nf6 36.Bg2 c4 37.Nb2 c3
38.Nd3 Qe6 39.Nxb4 Qxb3 40.Nc6 Qc4 41.Na5 Qb4 42.Nc6 Qc5  0-1

[Event "TCh-UKR Clubs 2011"]
[Site "Alushta UKR"]
[Date "2011.05.15"]
[Round "3.1"]
[White "Strelnikov,S"]
[Black "Muhtarov,L"]
[Result "0-1"]
[WhiteElo "2425"]
[BlackElo "2131"]

1.d4 Nf6 2.c4 e6 3.g3 c5 4.d5 exd5 5.cxd5 d6 6.Nc3 g6 7.Nf3 Bg7 8.Bg2 O-O
9.O-O Na6 10.h3 Nc7 11.a4 b6 12.e4 Bb7 13.Re1 Nd7 14.Bg5 f6 15.Bf4 Ne5 16.Nxe5 fxe5
17.Be3 Na6 18.Na2 Bc8 19.Bf1 h5 20.Qd2 Nc7 21.b4 Bd7 22.bxc5 bxc5 23.Nc3 h4
24.Kh2 Rb8 25.Reb1 Rb4 26.Rxb4 cxb4 27.Nb5 hxg3+ 28.fxg3 Rxf1 29.Rxf1 Nxb5
30.axb5 Bxb5 31.Ra1 a5 32.Bf2 Kh7 33.Be1 Qb6 34.Qf2 Qxf2+ 35.Bxf2 a4 36.Be1 b3
37.Bc3 Bh6 38.Bb2 Be3 39.Rd1 Bc5 40.Rb1 Bd3 41.Ra1 Bd4 42.Bxd4 exd4 43.e5 dxe5
44.d6 Bb5 45.Rb1 Kg7 46.g4 Kf6 47.h4 Be2 48.Kg3 Ke6 49.Rb2 Bd3 50.h5 gxh5
51.gxh5 Kxd6 52.h6 Kd5 53.Kf3 Kc4 54.Rd2 Bf5 55.Rg2 Kd3 56.Rg5 Be4+ 57.Kg4 b2  0-1

[Event "TCh-HUN 2010-11"]
[Site "Budapest HUN"]
[Date "2011.05.15"]
[Round "11"]
[White "Szepes,T"]
[Black "Fusthy,Z"]
[Result "0-1"]
[WhiteElo "2078"]
[BlackElo "2322"]

1.d4 Nf6 2.c4 e6 3.g3 c5 4.Nf3 cxd4 5.Nxd4 Qc7 6.b3 Nc6 7.Bg2 Bb4+ 8.Bd2 Bc5
9.Nxc6 dxc6 10.O-O O-O 11.Bc3 e5 12.Qc2 Re8 13.Nd2 Bg4 14.Ne4 Nxe4 15.Bxe4 g6
16.Qb2 Rad8 17.Rad1 Rxd1 18.Rxd1 Qb6 19.Rf1 f6 20.b4 Bd4 21.c5 Qd8 22.Bxd4 Qxd4
23.Qxd4 exd4 24.f3 Be6 25.Rd1 Bxa2 26.Rxd4 f5 27.Bd3 Bd5 28.Kf2 Kf7 29.g4 fxg4
30.Rxg4 Kf6 31.h4 Re5 32.e4 Be6 33.Rg1 Rh5 34.Rh1 a5 35.f4 axb4 36.e5+ Ke7
37.Kg3 b3 38.Ra1 Kd7 39.Rd1 Kc7 40.Be2 Rf5 41.Bg4 b6 42.Bxf5 Bxf5 43.cxb6+ Kxb6
44.Kf2 Kc5 45.Ke3 Kb4 46.Rd8 b2 47.Kd4 c5+ 48.Kd5 Kc3 49.Rb8 b1=Q 50.Rxb1 Bxb1
51.Kxc5 Ba2 52.h5 gxh5 53.f5 h4  0-1

[Event "Serbian Cup 2011"]
[Site "Valjevo SRB"]
[Date "2011.05.16"]
[Round "1.3"]
[White "Lajthajm,B"]
[Black "Mladenovic,St"]
[Result "1-0"]
[WhiteElo "2475"]
[BlackElo "2124"]

1.d4 Nf6 2.c4 e6 3.g3 c5 4.Nf3 cxd4 5.Nxd4 Nc6 6.Bg2 a6 7.O-O Qc7 8.b3 Be7
9.Bb2 O-O 10.Nc3 Nxd4 11.Qxd4 Ne8 12.Rfd1 f5 13.Rac1 Bc5 14.Qd2 Nf6 15.e3 Rb8
16.Na4 b6 17.Nxc5 Qxc5 18.Bd4 Qc7 19.c5 d5 20.cxb6 Qd8 21.a4 Nd7 22.a5 Bb7
23.Rc7 Rf7 24.Rdc1 Qg5 25.f4 Qg4 26.Qb4 e5 27.fxe5 Nxe5 28.Qd6 Nd3 29.Rxf7  1-0

[Event "Serbian Cup 2011"]
[Site "Valjevo SRB"]
[Date "2011.05.18"]
[Round "3.1"]
[White "Markus,Rob"]
[Black "Ivanisevic,I"]
[Result "1/2-1/2"]
[WhiteElo "2629"]
[BlackElo "2648"]

1.d4 Nf6 2.c4 e6 3.g3 c5 4.Nf3 cxd4 5.Nxd4 d5 6.Bg2 e5 7.Nf3 e4 8.Nd4 dxc4
9.O-O Bc5 10.Qa4+ Qd7 11.Nb5 O-O 12.Qxc4 Qc6 13.Nd4 Be6 14.Qc3 Qb6 15.Nxe6 fxe6
16.Qb3 Qxb3 17.axb3 Nc6 18.Nc3 Nd4 19.Bg5 Nxb3 20.Ra4 a5 21.Bxf6 gxf6 22.Rxe4 Ra6
23.Rd1 f5 24.Rc4 Rd6 25.Rxd6 Bxd6 26.Bxb7 Nc5 27.Bf3 Rb8 28.Nd1 Kg7 29.Rc2 Kf6
30.Ne3 Bf8 31.g4 fxg4 32.Nxg4+ Kf5 33.Ne3+ Kf6 34.Nc4 a4 35.e3 Rb4 36.Bc6 Nd3
37.Kf1 Bg7 38.Ke2 Ne5 39.Nxe5 Kxe5 40.Rd2 Kf5 41.Kf3 Rxb2 42.Rxb2 Bxb2 43.Bxa4  1/2-1/2